000 00849 a2200205 4500
999 _c6063
_d6063
020 _a1779031572
050 _aP 118.4
_bCHI 2000
100 _aChinodya, Shimmer
_eauthor
245 _aStep in new primary english :
_bgrade 7 pupils' book /
_cShimmer Chinodya
264 _aHarare :
_bLongman,
_c2000
300 _a163pages :
_billustrations.
336 _2rdacontent
_atext
_btxt
337 _2rdamedia
_aunmediated
_bn
338 _2rdacarrier
_avolume
_bnc
500 _aTextbooks
504 _an/a
520 _aThe course consists of pupils' book and a comprehensive teacher's book. Written to the Ministry of Education's recommendations for Grade 7 English offering a balance between the functional/communicative approach and mastery of essential language structures.
650 _aEnglish language
_xTextbooks
942 _2lcc
_cBK
_h118.4
_iCHI
_kP